| 000 | 00950nam a2200241 a 4500 | ||
|---|---|---|---|
| 999 |
_c440044 _d440044 |
||
| 003 | BLK | ||
| 005 | 20250616103823.0 | ||
| 008 | 211214b bu |||||r|||| 00| | bu d | ||
| 020 | _a9786191866595 | ||
| 040 | _aBLK | ||
| 041 |
_aBUL _cBUL |
||
| 080 |
_aБългарска литература _b821.163.2 _x-4 _z821.163.2-4 |
||
| 080 |
_aБългарска литература(изследвания) _b821.163.2.09 _z821.163.2.09 |
||
| 100 |
_9382016 _aГосподинов, Георги Георгиев _eпърви автор |
||
| 139 |
_aГосподинов, Георги _bГ 70 |
||
| 245 |
_aВ пукнатините на канона _bПровинции, аероплани, лексикони _cГеорги Господинов. |
||
| 260 |
_9209682 _aПловдив _bЖанет 45 _c2021 |
||
| 300 |
_a315 с. _c21 см |
||
| 380 | _aX | ||
| 942 |
_cKNG _n0 _s1 _096 |
||
| 999 | _d440044 | ||
| 944 |
_k30542 _lРусанова Ирена |
||